000 00738nac a22002051u 4500
020 _a0538817348
082 _a338.5
_bSHU
090 _c9670
_d9670
100 _aShughart, William F.
245 _aModern managerial economics :
_b economic theory for business decisions /
_c William F. Shughart II, William F. Chappell, Rex L. Cottle.
260 _aCincinnati, Ohio :
_b College Division, South-Western Pub. Co,1994.
_c1994
300 _axxiii,659p.:
_bill.;
_c23 cm.
500 _adistributer: Al-Ahram
500 _aIncludes index
511 _acatalogued by: wessam
650 _amanagerial economics
700 _aChappell, William F.
700 _aCottle, Rex L.
942 _cBB
_k338.5SHU
999 _c9670
_d9670